[Event "SWE-ch U20"]
[Site "Ronneby"]
[Date "2018.07.05"]
[Round "6"]
[White "Carlsson, Ludvig"]
[Black "Forsberg, Andre"]
[Result "1-0"]
[WhiteElo "2179"]
[BlackElo "2048"]
[PlyCount "63"]
[EventDate "2018.06.30"]
[EventType "tourn"]
[EventRounds "9"]
[EventCountry "SWE"]
[SourceTitle "CBM 185 Extra"]
[Source "ChessBase"]
[SourceDate "2018.07.29"]
[SourceVersion "1"]
[SourceVersionDate "2018.07.29"]
[SourceQuality "1"]

1. d4 Nf6 2. c4 e6 3. Nf3 b6 4. g3 Ba6 5. Qc2 c5 6. d5 exd5 7. cxd5 Bd6 8. Bg2 0-0 9. 0-0 Re8 10. Re1 Bf8 11. Nc3 d6 12. a3 Nbd7 13. b4 g6 14. e4 Bg7 15. b5 Bb7 16. Bb2 Ng4 17. h3 Nh6 18. g4 Ne5 19. Nd2 Qh4 20. Nd1 f5 21. exf5 gxf5 22. Bxe5 Bxe5 23. Nf3 Qf6 24. g5 Bh2+ 25. Kxh2 Qxa1 26. Rxe8+ Rxe8 27. gxh6 Qf6 28. Ne3 Qxh6 29. Qxf5 Re7 30. Ng4 Qg7 31. Ng5 h5 32. Ne6 1-0

[Event "Vaxjo op"]
[Site "Vaxjo"]
[Date "2015.02.15"]
[Round "8"]
[White "Akke, Mattias"]
[Black "Forsberg, Andre"]
[Result "0-1"]
[WhiteElo "1399"]
[BlackElo "1510"]
[PlyCount "60"]
[EventDate "2015.02.13"]
[EventType "swiss"]
[EventRounds "8"]
[EventCountry "SWE"]
[SourceTitle "CBM 164 Extra"]
[Source "ChessBase"]
[SourceDate "2015.03.02"]
[SourceVersion "1"]
[SourceVersionDate "2015.03.02"]
[SourceQuality "1"]

1. d4 g6 2. c4 Bg7 3. Nf3 c5 4. d5 Qa5+ 5. Bd2 Qb6 6. Bc3 Bxc3+ 7. Nxc3 Qxb2 8. Qc1 Qxc1+ 9. Rxc1 Nf6 10. Nb5 Na6 11. Nd2 d6 12. e4 Bd7 13. f4 0-0 14. Be2 Rfc8 15. e5 dxe5 16. fxe5 Ng4 17. Bxg4 Bxg4 18. d6 Nb4 19. Rc3 a6 20. a3 axb5 21. 0-0 Nc6 22. Re1 Nd4 23. Kf1 exd6 24. exd6 Rd8 25. Ne4 Bf5 26. Nxc5 b6 27. Ne4 Bxe4 28. Rxe4 Rxd6 29. Ree3 bxc4 30. Rxc4 Nf5 0-1